LEADER 00818nam a2200193 i 4500 001 000000178977 003 CaOOAMICUS 005 20090423000000.0 008 090423s1966 it u000 u ita u 013 $a156552 040 $aSeMil$bita 245 10$a[Dizionario di terminologia ecclesiastica. Indice analitico dei temi conciliari]. 300 $a144 p. :$bill. ;$c26 cm. 650 4$aConcilio Vaticano II <1962-1965>.$0(OLS)http://semarc/subject/283 773 0 $tConcilio Vaticano 2.$dMilano : Fratelli Fabbri Editori, copyr. 1966.$g4$w()21154 850 $aSeMil 852 $aSeMil$W1$xVenegono$y1$m3A VI 25$j129743$B129743$CSeMilBibl$Z2$F141276 $81 961 $aAcquisto: Casa editrice 996 $6245$a[Dizionario di terminologia ecclesiastica. Indice analitico dei temi conciliari]$9(OLS)http://semarc/title/257047 LEADER 00625naa a2200157 i 4500 001 000000302390 003 CaOOAMICUS 005 20180831172740.0 008 180831n xx u000 u und u 013 $a10125 040 $aSeMil$bita 100 1 $aCrippa, Romeo.$0(OLS)http://semarc/name/3190 245 10$aPaolo 6. e il pensiero filosofico contemporaneo. 650 4$aPaolo VI - Filosofia.$0(OLS)http://semarc/subject/43347 773 0 $aPaulus VI $tPaolo 6. e Brescia.$dBrescia : La Scuola, 1971.$w()36227 996 $6245$aPaolo 6. e il pensiero filosofico contemporaneo$9(OLS)http://semarc/title/378372